000 00494nam a2200181 a 4500
005 20230310063522.0
008 991125s1960 mx 000 0 spa u
035 _aUPN01000005070
049 _aCG
050 4 _aPQ7298.3 E3
_bA9.8
100 1 _aTejera, Humberto,
_d1890-1971
245 1 0 _aAutógrafo a Tenochtitlán /
_cHumberto Tejera.
260 _aMéxico :
_bH. Tejera,
_c[196?].
300 _a108 p.
650 4 _aPoesía mexicana
_ySiglo XX
_91285
905 _aLibro
999 _c5070
_d5070